LEADER 02156nam a2200421 u 4500 001 000000026967 003 CaOOAMICUS 005 20070226111633.0 008 951208s1994 sp u000 u spa u 020 $a8479141344 035 $a10699755 040 $aIPA$bita$dPUL(R) 041 1 $aspa$alat 100 0 $aAugustinus,$cs., vesc. d'Ippona,$d354-430.$0(OLS)http://pul/name/1290 240 10$aGruppi, scelte$9(Augustinus, s., vesc. d'Ippona, 354-430).$lSpagnolo e latino.$0(OLS)http://pul/title/20467 245 10$aEscritos antidonastitas.$n3 /$cintroducción, bibliografía y notas de Pedro Langa ; traducción de Santos Santamarta ; índices de Pío de Luis. 260 $aMadrid :$bBiblioteca de Autores Cristianos,$c1994. 300 $axvii, 897 p. ;$c20 cm 490 1 $aBiblioteca de autores cristianos ;$v541 490 1 $aObras completas de San Agustín ;$v34 500 $aComprende indici e riferimenti bibliografici. 505 0 $aTesto latino e trad. spagnola di: Epistola ad catholicos de secta Donatistatrum seu De unitate Ecclesiae ; Contra Cresconium ; Gesta cum Emerito ; Contra Gaudentium. 650 4$aDonatisti.$0(OLS)http://pul/subject/820 700 1 $aLuis, Pío de.$0(OLS)http://pul/name/10125 700 1 $aSantamarta del Río, Santos.$0(OLS)http://pul/name/13222 700 1 $aLanga Aguilar, Pedro,$cO.S.A.,$d1943-$0(OLS)http://pul/name/13219 830 0$aBiblioteca de autores cristianos ;$v541.$0(OLS)http://pul/title/1365 830 0$aObras completas de San Agustín ;$v34.$0(OLS)http://pul/title/15032 850 $aPUL 852 $aPUL$W1$xSL Cons. Gen., Altre Classi 1$y1$m2000 A 34$j37600$nBK-PRI$b $qStampati$B37600$CPULBib$Z2$F37600 $H $81 900 $aAgostino,$cs., vesc. d'Ippona,$d354-430$91290 900 $aAgostino, Aurelio,$cs., vesc. d'Ippona$d354-430$91290 941 1 $a8 961 $aINV: 77590 983 0$aBAC. 996 $6020$a8479141344$9(OLS)http://pul/number/33523 996 $6245$aEscritos antidonastitas.$n3$9(OLS)http://pul/title/36972 996 $6260$aMadrid :$bBiblioteca de Autores Cristianos$9(OLS)http://pul/publisher/53632 LEADER 01786nam a2200349 a 4500 001 000000149320 003 CaOOAMICUS 005 20160211103708.0 008 160211s2013 it u000 u ita r 020 $a978-88-13-32927-3* 032 $aLibriCat 040 $aPUL$bita 082 04$a340.5 245 00$aAtti della giornata di studio in onore di Alejandro Guzmán Brito : $blaudatio, lectio magistralis, tavola rotonda: Trento, Facoltà di giurisprudenza, 14 marzo 2011 /$ca cura di Patricio-Ignacio Carvajal, Massimo Miglietta e Gianni Santucci. 260 $aPadova :$bCEDAM,$c2013. 300 $aX, 180 p. ;$c24 cm. 490 1 $aDipartimento di scienze giuridiche ;$v106 504 $aBibliografia in nota. 600 14$aGuzmán Brito, Alejandro.$0(OLS)http://pul/subject/43018 700 1 $aSantucci, Gianni.$0(OLS)http://pul/name/78325 700 1 $aMiglietta, Massimo.$0(OLS)http://pul/name/44368 700 1 $aCarvajal, Patricio-Ignacio.$0(OLS)http://pul/name/95222 830 0$aDipartimento di scienze giuridiche (Università degli studi di Trento) ;$v106.$0(OLS)http://pul/title/11733 850 $aPUL 852 $aPUL$W1$xSL Diritto e Scienze Sociali 3$y79$m340. 5 CARPA 1$j171972$qDDC 21$B173563$CPULBib$Z2$F173563 $H127122 $81 941 1 $a9 961 $aDedica autografa dell?autore 996 $6020$a978-88-13-32927-3*$9(OLS)http://pul/number/159632 996 $6082$a340.5$9(OLS)http://pul/classification/1655 996 $6245$aAtti della giornata di studio in onore di Alejandro Guzmán Brito : $blaudatio, lectio magistralis, tavola rotonda: Trento, Facoltà di giurisprudenza, 14 marzo 2011$9(OLS)http://pul/title/188254 996 $6260$aPadova :$bCEDAM$9(OLS)http://pul/publisher/48126